MODELING AND SIMULATION , LIFE SCIENCES, MATERIALS AND TECHNOLOGY (Record no. 572314)
[ view plain ]
| 000 -LEADER | |
|---|---|
| fixed length control field | 00431nam a22001337a 4500 |
| 020 ## - INTERNATIONAL STANDARD BOOK NUMBER | |
| International Standard Book Number | 81-7319-670-2 |
| 082 ## - DEWEY DECIMAL CLASSIFICATION NUMBER | |
| Classification number | 620.11 MOD |
| 100 ## - MAIN ENTRY--PERSONAL NAME | |
| Personal name | AVUDAINAYAGAM, A , MISRA , P , SUNDAR, S |
| 9 (RLIN) | 63516 |
| 245 ## - TITLE STATEMENT | |
| Title | MODELING AND SIMULATION , LIFE SCIENCES, MATERIALS AND TECHNOLOGY |
| 260 ## - PUBLICATION, DISTRIBUTION, ETC. | |
| Place of publication, distribution, etc. | NEW DELHI |
| Name of publisher, distributor, etc. | NAROSA |
| Date of publication, distribution, etc. | 2005 |
| 300 ## - PHYSICAL DESCRIPTION | |
| Extent | 335 P |
| 650 ## - SUBJECT ADDED ENTRY--TOPICAL TERM | |
| Topical term or geographic name entry element | MODELING AND SIMULATION OF LIFE SCIENCES, MATERIALS AND TECHNOLOGY |
| 9 (RLIN) | 63517 |
| 942 ## - ADDED ENTRY ELEMENTS (KOHA) | |
| Koha item type | Book |
| Withdrawn status | Lost status | Damaged status | Not for loan | Permanent Location | Current Location | Shelving location | Date acquired | Total Checkouts | Full call number | Barcode | Date last seen | Price effective from | Koha item type |
|---|---|---|---|---|---|---|---|---|---|---|---|---|---|
| College of Electrical & Mechanical Engineering (CEME) | College of Electrical & Mechanical Engineering (CEME) | General Stacks | 07/25/2017 | 1 | 620.11 MOD | CEME-42096 | 06/28/2021 | 06/28/2021 | Book |
